000 00481nam a2200169Ia 4500
003 GCL
008 140319s9999 xx 000 0 ara d
040 _aGCL /
_cGCL
082 0 4 _a657.42
_bم ق
100 1 _aمحمود صبح
245 1 0 _aالقرارات المالية الاستراتيجية /
_cمحمود صبح
300 _a109
490 _a100 قصة
_v0
650 0 4 _aالاحوال الاقتصادية
650 0 4 _aالمالية العامة
942 _2ddc
_cBK
999 _c43444
_d43444